Teória optimálnych menových oblastí: Mundell I versus Mundel II
Stupeň homogenity hospodárskych systémov členských krajín. Vyjadrovaná je pomocou rôznych kritérií nominálnej, reálnej a štrukturálnej konvergencie. Teória optimálnych menových oblastí OMO. Teórie MandelI I a Mandell II.
Saved in:
| Main Author: | |
|---|---|
| Format: | Book Chapter |
| Language: | Slovak |
| Subjects: | |
| Tags: |
No Tags, Be the first to tag this record!
|
MARC
| LEADER | 00000nla$a2200000$$$4500 | ||
|---|---|---|---|
| 001 | 0067950 | ||
| 005 | 20240502083202.3 | ||
| 041 | 0 | |a slo | |
| 044 | |a CZ | ||
| 245 | 1 | 0 | |a Teória optimálnych menových oblastí: Mundell I versus Mundel II |c Karol Trnovský |
| 520 | |a Stupeň homogenity hospodárskych systémov členských krajín. Vyjadrovaná je pomocou rôznych kritérií nominálnej, reálnej a štrukturálnej konvergencie. Teória optimálnych menových oblastí OMO. Teórie MandelI I a Mandell II. | ||
| 610 | 2 | 0 | |a teórie ekonomické |
| 610 | 2 | 0 | |a oblasti menové |
| 610 | 2 | 0 | |a únie hospodárske |
| 610 | 2 | 0 | |a únie menové |
| 610 | 2 | 0 | |a eurozóna |
| 610 | 2 | 0 | |a konvergencia |
| 100 | 1 | |a Trnovský, Karol, 1983- | |